000
00277nam a22001217a 4500
008
180308b xxu||||| |||| 00| 0 eng d
041
_a
eng
080
_2
10 ED
_a
070
100
_a
40
101
_a
MED
245
_a
THE ART OF PUBLIC SPEAKING
_c
LUCAS.S.E
942
_2
udc
_c
BK
999
_c
44491
_d
44491